K probleme étničeskoj i âzykovoj prinadležnosti sozdatelej gidronimiki na ym (-im)

Elmentve itt :
Bibliográfiai részletek
Szerző: Serebrennikov Boris Aleksandrovič
Dokumentumtípus: Cikk
Megjelent: 1968
Sorozat:Nyelvtudományi közlemények : a Magyar Tudományos Akadémia Nyelvtudományi Intézetének folyóirata
Kulcsszavak:Nyelvészet
Tárgyszavak:
Online Access:http://misc.bibl.u-szeged.hu/61274
LEADER 00899nab a2200229 i 4500
001 misc61274
005 20231016152159.0
008 230629s1968 hu o 0|| rus d
040 |a SZTE Miscellanea Repozitórium  |b hun 
041 |a rus 
100 1 |a Serebrennikov Boris Aleksandrovič 
245 1 0 |a K probleme étničeskoj i âzykovoj prinadležnosti sozdatelej gidronimiki na ym (-im)  |h [elektronikus dokumentum] /  |c  Serebrennikov Boris Aleksandrovič 
260 |c 1968 
300 |a 127-138  |c 24 cm 
300 |a [12] p.  |c 24 cm 
490 0 |a Nyelvtudományi közlemények : a Magyar Tudományos Akadémia Nyelvtudományi Intézetének folyóirata 
561 |a Németh Gyula hagyaték 
591 |a NOV 5512 
650 4 |a Bölcsészettudományok 
650 4 |a Nyelvek és irodalom 
695 |a Nyelvészet 
856 4 0 |u http://misc.bibl.u-szeged.hu/61274/1/5512_nov.pdf  |z Dokumentum-elérés